000 00846nam0a22002531 4500
001 rc\83812
005 20260406132553.0
010 _a5-270-01605-2
_9100000
035 _a(NLR Aleph) 005352508
090 _a6812276
_c6812276
100 _a20021216d1992 |||y0rusy50 ca
101 0 _arus
102 _aRU
105 _ay |||||||||
200 1 _aПлощадь Павших борцов. Барбаросса
_eРоман-размышление
_fВалентин Пикуль
210 _aМ.
_cСовременник
_d1992
215 _a590, [2] с.
_d21
300 _aНа тит. л. и пер.: Т. 1
700 1 _4070
_7ca
_8rus
_aПикуль
_bВ. С.
_f1928-1990
_gВалентин Саввич
_9111930
_3RU\NLR\auth\771913
801 0 _aRU
_bNLR
_gpsbo
801 1 _aRU
_bELAR
_2rusmarc
852 _aNLR
_j92-3/6027
942 _cBOOK
980 _aNB